=LDR 00000nam 2200000 4500 =001 INLIS000000000034810 =005 20130612140713 =008 ***********************************ind** =035 ##$$0010-061300000034810 =041 ##$$a ind =082 ##$$a 813 =090 ##$$a 813, eff i =100 ##$$a EFFENDI, Tyas =245 ##$$a Izinkan aku bersujud, Tyas Effendi ; penyunting, Irfan Hidayatullah =260 ##$$a 2009 $b Bandung =300 ##$$a 214 hlm, ilus, 20 cm =650 ##$$a Fiksi Indonesia =700 ##$$a Hidayatullah, Irfan =850 ##$$a NBPNMAT